000 00207 a2200085 4500
020 _a0798151153
100 _aDe Kock, Helene
_967844
245 _aSOMERSNEEU
999 _c752845
_d752844
942 _w217
_xZama Mkhatshwa
_y
_zCRON CRON